[Event "1st Women It"]
[Site "Tashkent UZB"]
[Date "2008.09.05"]
[Round "1"]
[White "Muminova,N"]
[Black "Hamrakulova,Y"]
[Result "1-0"]
[WhiteElo "2242"]
[BlackElo "2145"]

1.e4 c5 2.Nf3 Nc6 3.Bb5 g6 4.O-O Bg7 5.Re1 Nf6 6.e5 Nd5 7.Nc3 Nc7 8.Bxc6 dxc6
9.Ne4 b6 10.Nf6+ Kf8 11.Ne4 Kg8 12.d3 h6 13.h3 Kh7 14.Qd2 Ne6 15.Qe3 Rf8
16.Bd2 Nd4 17.Nxd4 cxd4 18.Qg3 c5 19.Qh4 f5 20.Ng5+ Kg8 21.Nf3 e6 22.Bg5 hxg5
23.Nxg5 Re8 24.Qh7+ Kf8 25.Qxg6 Re7 26.h4 Qc7 27.h5 Bxe5 28.h6 Bh8 29.h7 Bg7
30.Qh6  1-0

[Event "SuperLiga-ROM"]
[Site "Eforie Nord ROM"]
[Date "2008.09.06"]
[Round "6"]
[White "Duca,A"]
[Black "Ocnarescu,V"]
[Result "1-0"]
[WhiteElo "2059"]
[BlackElo "2184"]

1.e4 c5 2.Nf3 Nc6 3.Bb5 d6 4.O-O Bd7 5.Re1 Nf6 6.h3 a6 7.Bf1 g6 8.c3 Bg7
9.d4 cxd4 10.cxd4 O-O 11.Nc3 b5 12.Bg5 b4 13.Nd5 e6 14.Nxf6+ Bxf6 15.Bxf6 Qxf6
16.e5 Qe7 17.Qd2 Rfd8 18.Qf4 Be8 19.Rac1 Na5 20.Ng5 Bc6 21.exd6 Rxd6 22.Nxf7 Rd5
23.Ne5 Rf8 24.Qe3 Qd6 25.Nxc6 Nxc6 26.Bc4 Nxd4 27.Bxd5 Qxd5 28.Qe5 Qxe5 29.Rxe5 Kg7
30.Re4 Rd8 31.Rc4 b3 32.axb3 Nxb3 33.Rxe6 Kh6 34.g3 a5 35.Rb6  1-0

[Event "7th Open"]
[Site "Izmir TUR"]
[Date "2008.09.06"]
[Round "9"]
[White "Klinova,M"]
[Black "Ataman,A"]
[Result "1/2-1/2"]
[WhiteElo "2290"]
[BlackElo "2198"]

1.e4 c5 2.Nf3 Nc6 3.Bb5 g6 4.O-O Bg7 5.Bxc6 dxc6 6.Nc3 e5 7.d3 Qe7 8.a4 a5
9.Be3 Nh6 10.h3 f6 11.Nd2 Nf7 12.f4 exf4 13.Bxf4 O-O 14.Nf3 f5 15.Qd2 c4
16.Rae1 Qb4 17.e5 Be6 18.Qd1  1/2-1/2

[Event "DMP Ekstraliga"]
[Site "Karpacz POL"]
[Date "2008.09.06"]
[Round "1"]
[White "Fedorchuk,S"]
[Black "Koziak,V"]
[Result "1/2-1/2"]
[WhiteElo "2624"]
[BlackElo "2489"]

1.e4 c5 2.Nf3 Nc6 3.Bb5 g6 4.Bxc6 dxc6 5.d3 Bg7 6.Nbd2 Bg4 7.h3 Bxf3 8.Nxf3 Nf6
9.Bd2 Nd7 10.Bc3 e5 11.b4 cxb4 12.Bxb4 c5 13.Bc3 b5 14.Bb2 O-O 15.a4 a6 16.O-O Qc7
17.Nh2 c4 18.dxc4 bxc4 19.Ng4 c3 20.Ba3 Nc5 21.Qf3 Rfd8 22.Qxc3 Rac8 23.Qf3 Nxa4
24.Nf6+ Bxf6 25.Qxf6 Re8 26.Qxa6 Qc4 27.Qxc4 Rxc4 28.f3 Rxc2 29.Rfc1 Rxc1+
30.Rxc1 Nb6 31.Bd6 Nd7 32.Rc7 Nf8 33.Ra7 g5  1/2-1/2

[Event "5th LGA Premium Cup"]
[Site "Nuernberg GER"]
[Date "2008.09.06"]
[Round "4"]
[White "Pokrupa,M"]
[Black "Neumann,Ro"]
[Result "1/2-1/2"]
[WhiteElo "2203"]
[BlackElo "1868"]

1.Nf3 c5 2.e4 Nc6 3.Bb5 a6 4.Bxc6 bxc6 5.O-O g6 6.Re1 Bg7 7.h3 Nf6 8.e5 Nd5
9.c4 Nc7 10.d4 cxd4 11.Qxd4 O-O 12.Nc3 Ne6 13.Qh4 Rb8 14.b3 Re8 15.Bh6 Bh8
16.Ne4 d5 17.exd6 exd6 18.Bg5 Nxg5 19.Nfxg5 h5 20.Qf4 Be6 21.Nxd6 Rf8 22.Rad1 Qa5
23.Nxe6 fxe6 24.Qh6 Qxa2 25.Qxg6+ Bg7 26.Qxe6+ Kh7 27.Ne4 Qa5 28.c5 Rbe8
29.Qxc6 Re5 30.Qd6 Kh8 31.c6 Rfe8 32.h4  1/2-1/2

[Event "5th LGA Premium Cup"]
[Site "Nuernberg GER"]
[Date "2008.09.06"]
[Round "4"]
[White "Balhar,M"]
[Black "Bodzyn,K"]
[Result "1/2-1/2"]
[WhiteElo "1823"]
[BlackElo "2012"]

1.e4 c5 2.Nf3 Nc6 3.Bb5 Qc7 4.O-O Nf6 5.Re1 e5 6.Bxc6 dxc6 7.d3 Be7 8.Bg5 h6
9.Bh4 Be6 10.Nbd2 Rd8 11.Qe2 b5 12.a4 O-O 13.Qe3 Ng4 14.Qe2 Bxh4 15.Nxh4 Rd7
16.h3 Nf6 17.Nhf3 Rfd8 18.Qe3 Qd6 19.axb5 cxb5 20.Ra5 Rb7 21.Rea1 Qc7 22.Nb1 c4
23.Rxa7 Rxa7 24.Rxa7 Qd6 25.Nbd2 cxd3 26.Qxd3 Qxd3 27.cxd3 Rxd3 28.Rb7 Bd7  1/2-1/2

[Event "DMP Ekstraliga"]
[Site "Karpacz POL"]
[Date "2008.09.07"]
[Round "2"]
[White "Hnydiuk,A"]
[Black "Jakubiec,A"]
[Result "1/2-1/2"]
[WhiteElo "2387"]
[BlackElo "2532"]

1.e4 c5 2.Nf3 Nc6 3.Bb5 d6 4.O-O Nf6 5.Re1 Bd7 6.c3 a6 7.Bf1 Bg4 8.h3 Bh5
9.d4 Bxf3 10.gxf3 cxd4 11.cxd4 e5 12.d5 Nd4 13.f4 Nd7 14.Be3 Qf6 15.Nc3 Be7
16.Bxd4 exd4 17.Ne2 g5 18.Qxd4 gxf4 19.Qxf6 Bxf6 20.Nxf4 Bxb2 21.Rab1 Bc3
22.Red1 Rg8+ 23.Kh1 b5 24.Ne2 Bf6 25.Bg2 Rc8 26.Rbc1 Rc5 27.Rxc5 Nxc5 28.Bf3 Bh4
29.e5 dxe5 30.d6 f5 31.Bc6+ Kd8 32.Rd5 Ne4 33.f3 Ng3+ 34.Nxg3 Rxg3 35.Bb7 Kd7
36.Bxa6 Kc6 37.Rxb5  1/2-1/2

[Event "5th LGA Premium Cup"]
[Site "Nuernberg GER"]
[Date "2008.09.07"]
[Round "7"]
[White "Kulik,D"]
[Black "Knoblauch,L"]
[Result "1-0"]
[WhiteElo "2205"]
[BlackElo "2009"]

1.e4 c5 2.Nf3 Nc6 3.Bb5 g6 4.O-O Bg7 5.Re1 e6 6.Bxc6 bxc6 7.e5 Ne7 8.Nc3 Nf5
9.Ne4 c4 10.d4 cxd3 11.Qxd3 a6 12.Bd2 O-O 13.Bb4 Qb6 14.Bc5 Qxb2 15.Rab1  1-0

[Event "DMP Ekstraliga"]
[Site "Karpacz POL"]
[Date "2008.09.08"]
[Round "3"]
[White "Czarnota,P"]
[Black "Sopur,L"]
[Result "1-0"]
[WhiteElo "2526"]
[BlackElo "2431"]

1.e4 c5 2.Nf3 Nc6 3.Bb5 Na5 4.O-O a6 5.Be2 b5 6.a4 Bb7 7.axb5 axb5 8.Bxb5 Bxe4
9.Nc3 Bb7 10.Ne5 Nf6 11.d4 e6 12.d5 Bd6 13.Nxd7 Ke7 14.Bg5 h6 15.Bxf6+ gxf6
16.Qf3 f5 17.Rfe1 Qc7 18.Qxf5 Bxh2+ 19.Kh1 Qf4 20.Qxf4 Bxf4 21.Nxc5 Bd2 22.d6+ Kf8
23.Red1 Bxc3 24.bxc3 Kg7 25.Nxb7  1-0

[Event "X Open"]
[Site "San Marti ESP"]
[Date "2008.09.08"]
[Round "7"]
[White "Colon Garcia,E"]
[Black "Prats Rodriguez,J"]
[Result "1/2-1/2"]
[WhiteElo "2118"]
[BlackElo "2101"]

1.e4 c5 2.Nf3 Nc6 3.Bb5 g6 4.Bxc6 dxc6 5.d3 Bg7 6.h3 e5 7.Be3 Qe7 8.Nc3 Nf6
9.Qd2 b6 10.Bh6 O-O 11.O-O-O Re8 12.g4 a5 13.Bxg7 Kxg7 14.Nh2 a4 15.f4 exf4
16.Qxf4 b5 17.Rhe1 Qe5 18.Qxe5 Rxe5 19.Nf3 Re8 20.e5 Nd5 21.Nxd5 cxd5 22.d4 Be6
23.c3  1/2-1/2

[Event "7th Georgiev - Kesarovski Mem"]
[Site "Sunny Beach BUL"]
[Date "2008.09.08"]
[Round "1"]
[White "Pisk,P"]
[Black "Janev,P"]
[Result "1/2-1/2"]
[WhiteElo "2354"]
[BlackElo "1958"]

1.e4 c5 2.Nf3 Nc6 3.Bb5 g6 4.Bxc6 bxc6 5.O-O Bg7 6.Re1 d6 7.h3 e5 8.c3 Ne7
9.d4 cxd4 10.cxd4 exd4 11.Nxd4 O-O 12.Nc3 Rb8 13.Nb3 Be6 14.Bf4 Be5 15.Bxe5 dxe5
16.Qc1 Bxb3 17.axb3 Qb6 18.Ra3 Rfd8 19.Qg5 Qc5 20.Rea1 Rd7 21.Ra5 Qd6 22.Rd1 Qe6
23.Rxe5 Rxd1+ 24.Nxd1 Qd6 25.Rxe7 Qxd1+ 26.Kh2 Qxb3 27.Qf6 Rf8 28.h4 h5 29.f4 Qb8
30.Rd7 a5 31.Rd6 Qb4 32.Rxc6 Qxe4 33.Rc5 a4 34.Rc7 Qd5 35.Re7 Rc8 36.Re3 Qd8
37.Re7 Qd5 38.Re3 Qd8 39.Re7  1/2-1/2

[Event "SuperLiga-ROM"]
[Site "Eforie Nord ROM"]
[Date "2008.09.09"]
[Round "9"]
[White "Nemeth,F"]
[Black "Busu,C"]
[Result "1-0"]
[WhiteElo "2453"]
[BlackElo "2339"]

1.e4 c5 2.Nf3 Nc6 3.Bb5 e6 4.O-O Nge7 5.c3 a6 6.Ba4 d5 7.exd5 Qxd5 8.d4 cxd4
9.Nxd4 b5 10.Bb3 Qd7 11.Nxc6 Qxc6 12.Nd2 Bb7 13.Nf3 Ng6 14.Re1 Rd8 15.Qe2 Bd6
16.Bg5 Rd7 17.Rad1 Ne5 18.Bd5 Nxf3+ 19.Bxf3 Qc7 20.Bxb7 Qxb7 21.Rxd6 Rxd6
22.Qe5 Kd7 23.Qxg7 Qc8 24.Bf4 Qg8 25.Qxg8 Rxg8 26.Bxd6 Kxd6 27.Re3 f6 28.Kf1 Rg7
29.g3 a5 30.Ke2 a4 31.Rd3+ Ke5 32.Rd4 Rc7 33.Kd3 f5 34.f4+ Kf6 35.a3 h5 36.c4 bxc4+
37.Rxc4 Rxc4 38.Kxc4 e5 39.fxe5+ Kxe5 40.b4 axb3 41.Kxb3 h4 42.a4 Ke4 43.a5 h3
44.a6 Kf3 45.a7 Kg2 46.a8=Q+ Kxh2 47.Qf3  1-0

[Event "DMP Ekstraliga"]
[Site "Karpacz POL"]
[Date "2008.09.09"]
[Round "4"]
[White "Koziak,V"]
[Black "Tazbir,M"]
[Result "1/2-1/2"]
[WhiteElo "2489"]
[BlackElo "2444"]

1.e4 c5 2.Nf3 Nc6 3.Bb5 d6 4.O-O Nf6 5.e5 Nd5 6.d4 Nc7 7.Bxc6+ bxc6 8.dxc5 Ba6
9.Re1 dxc5 10.Nbd2 Qd5 11.b3 c4 12.bxc4 Bxc4 13.Re4 Ba6 14.c4 Qd7 15.Ba3 Ne6
16.Qa4 Bb7 17.Nb3 c5 18.Qxd7+ Kxd7 19.Rd1+ Ke8 20.Re3 Ba6 21.Bxc5 Bxc4 22.Rc3 Bxb3
23.axb3 g5 24.Bxa7 Bg7 25.h3 h5 26.Rc4 g4 27.Nd4 Bxe5 28.Nc6 Bd6 29.hxg4 hxg4
30.Rxg4 f6 31.Be3 Kf7 32.Ra4 Rac8 33.Rc4 Rc7 34.Rdc1 Rb7 35.Rb1 Rb5 36.g4 f5
37.Nd4 Nxd4 38.Rxd4 fxg4 39.Rxg4 Rhb8  1/2-1/2

[Event "7th Georgiev - Kesarovski Mem"]
[Site "Sunny Beach BUL"]
[Date "2008.09.09"]
[Round "2"]
[White "Mitrev,K"]
[Black "Raeva,E"]
[Result "0-1"]
[WhiteElo "2094"]
[BlackElo "2307"]

1.e4 c5 2.Nf3 Nc6 3.Bb5 e6 4.Bxc6 bxc6 5.O-O d5 6.Re1 Ne7 7.d3 Ng6 8.Nc3 Be7
9.b3 O-O 10.Qd2 d4 11.Na4 e5 12.h3 Bd6 13.Ba3 c4 14.Bxd6 c3 15.Qg5 Qxd6 16.Nh4 Nxh4
17.Qxh4 Bd7 18.f4 c5 19.fxe5 Qxe5 20.Rf1 Rae8 21.Rab1 Rb8 22.Rf5 Bxf5 23.exf5 Qxf5
24.Qe7 Rbe8 25.Qxc5 Qxc5 26.Nxc5 Re2 27.Rc1 Rfe8 28.Kf1 R2e5 29.b4 g5 30.Nb3 Rd5
31.Kf2 h5 32.g4 Kg7 33.Rg1 Kg6 34.a4 f5 35.gxh5+ Kxh5 36.b5 Kh4 37.Rh1 f4
38.a5 Rxb5 39.Nxd4 Rxa5 40.Nf3+ Kh5 41.Rg1 Rb5 42.d4 a5 43.Ra1 Ra8 44.Ke2 a4
45.Ra3 g4 46.hxg4+ Kxg4 47.Ne5+ Kf5 48.Nc4 Rb4 49.Rxc3 Rxc4 50.Rxc4 a3  0-1

[Event "3rd PGMA Cup"]
[Site "Manila PHI"]
[Date "2008.09.10"]
[Round "6"]
[White "Nolte,R"]
[Black "Pascua,H"]
[Result "1-0"]
[WhiteElo "2522"]
[BlackElo "2174"]

1.e4 c5 2.Nf3 Nc6 3.Bb5 g6 4.O-O Bg7 5.c3 Nf6 6.Re1 O-O 7.d4 d5 8.e5 Ne4
9.Bxc6 bxc6 10.Nbd2 Nxd2 11.Nxd2 cxd4 12.cxd4 c5 13.dxc5 Qc7 14.Nf3 Qxc5
15.Be3 Qb5 16.Qd2 Bg4 17.Nd4 Qb7 18.Bg5 a5 19.h3 Bc8 20.b3 Re8 21.Bh6 Bh8
22.Rac1 Ra6 23.Rc5 a4 24.b4 a3 25.Nb5 Rd8 26.Nc7 d4 27.Nxa6 Qxa6 28.b5 Qb6
29.Rec1 Bb7 30.Qd3 Qe6 31.Qxa3 Bxe5 32.Qa5 Re8 33.Qa7 Bd5 34.Qa6 f6 35.Rc8  1-0

[Event "IV Geller Memorial"]
[Site "Odessa UKR"]
[Date "2008.09.10"]
[Round "2"]
[White "Varchenko,G"]
[Black "Tkachova,A"]
[Result "1-0"]
[WhiteElo "2162"]
[BlackElo "1800"]

1.e4 c5 2.Nf3 Nc6 3.Bb5 e6 4.Bxc6 bxc6 5.O-O Ne7 6.b3 Ng6 7.Bb2 f6 8.d3 Be7
9.Nbd2 O-O 10.Nc4 d6 11.d4 d5 12.Ncd2 cxd4 13.Nxd4 Qb6 14.exd5 cxd5 15.Qf3 Bc5
16.Ne2 Bb7 17.Qg3 Rac8 18.c4 d4 19.Kh1 e5 20.f3 f5 21.h4 Qf6 22.h5 Ne7 23.Rad1 Bc6
24.a3 a5 25.Qh2 Qd6 26.Nb1 g5 27.hxg6 hxg6 28.f4 Rf7 29.fxe5 Qd8 30.Rd3 Rh7
31.Rh3 Rxh3 32.Qxh3 Kg7 33.Nf4 Qd7 34.Qg3 Rh8+ 35.Nh3 Be4 36.Nd2 Qb7 37.Kh2 Rh5
38.Nf3 Qxb3 39.Nxd4 Qxg3+ 40.Kxg3 Kf7 41.e6+ Ke8 42.Nb5 Nc6 43.Bf6 Rh7 44.Ng5 Rb7
45.Rh1 Bf8 46.Rh8 Rxb5 47.cxb5 Nd8 48.Bxd8 Kxd8 49.Rxf8+  1-0

[Event "TCh-SRB 1st League w"]
[Site "Subotica SRB"]
[Date "2008.09.10"]
[Round "8"]
[White "Savic,Ma"]
[Black "Bjeloglav,M"]
[Result "1/2-1/2"]
[WhiteElo "2163"]
[BlackElo "1997"]

1.e4 c5 2.Nf3 Nc6 3.Bb5 e6 4.O-O Nge7 5.c3 a6 6.Ba4 b5 7.Bc2 Bb7 8.Re1 d5
9.e5 d4 10.Be4 Ng6 11.d3 Be7 12.a4 dxc3 13.bxc3 b4 14.Nbd2 Rb8 15.Nc4 Na5
16.Nxa5 Qxa5 17.cxb4 cxb4 18.Bg5 Bxe4 19.Rxe4 h6 20.Bxe7 Nxe7 21.Nd4 O-O
22.Nb3 Qd5 23.f4 Rfc8 24.Rd4 Qb7 25.Rc4 Nd5 26.Qf3 Qb6+ 27.Kh1 Qe3 28.Rf1 Qxf3
29.Rxf3 Rxc4 30.dxc4 Nb6 31.c5 Nxa4 32.Rf1 Rc8 33.Ra1 Rd8 34.Kg1 Rd3 35.c6 Rxb3
36.Rxa4 Rc3 37.Rxa6 b3 38.Rb6 Kh7 39.Kf2 b2  1/2-1/2

[Event "7th Georgiev - Kesarovski Mem"]
[Site "Sunny Beach BUL"]
[Date "2008.09.10"]
[Round "3"]
[White "Janev,E"]
[Black "Lisko,F"]
[Result "1-0"]
[WhiteElo "2502"]
[BlackElo "2279"]

1.e4 c5 2.Nf3 Nc6 3.Bb5 d6 4.c3 Bd7 5.O-O Nf6 6.Re1 a6 7.Bf1 Bg4 8.d3 e6
9.h3 Bh5 10.Bf4 Nd7 11.g4 Bg6 12.d4 e5 13.dxe5 dxe5 14.Bg3 Be7 15.Nbd2 h5
16.Nc4 hxg4 17.hxg4 Qc7 18.a4 O-O-O 19.Qc2 Kb8 20.Rad1 Ka7 21.Rd2 Rh6 22.Bg2 Bh7
23.Red1 g5 24.Ne3 f6 25.Nd5 Qc8 26.Nxe7 Nxe7 27.Rd6 Nc6 28.Nxg5 Bg8 29.Nf3 Rh7
30.R1d2 Na5 31.g5 Bb3 32.Qd3 Nc4 33.gxf6 Nxd6 34.Qxd6 Rh6 35.Qe7 Rdh8 36.f7 Rf8
37.Ng5 Nb6 38.Bh3  1-0

[Event "I Liga Seniorow"]
[Site "Ustron POL"]
[Date "2008.09.10"]
[Round "5"]
[White "Markowski,D"]
[Black "Klim,K"]
[Result "1-0"]
[WhiteElo "2258"]
[BlackElo "2181"]

1.e4 c5 2.Nf3 Nc6 3.Bb5 g6 4.O-O Bg7 5.c3 Nf6 6.e5 Nd5 7.d4 cxd4 8.cxd4 O-O
9.Nc3 Nxc3 10.bxc3 d5 11.exd6 Qxd6 12.a4 Qc7 13.Ba3 a6 14.Bxc6 bxc6 15.Re1 Bf6
16.Ne5 Bf5 17.Qf3 Rfc8 18.a5 Rab8 19.Bc5 Bxe5 20.Rxe5 Qxa5 21.Ree1 Qb5 22.Bxe7 h5
23.h3 Qd3 24.Qf4 Qxc3 25.Rac1 Qd3 26.Rcd1 Qc2 27.Qh6 Rb2 28.Rf1 f6 29.Bxf6 Kf7
30.Qg7+ Ke6 31.d5+  1-0

[Event "II ROMGAZ Open"]
[Site "Bucharest ROU"]
[Date "2008.09.11"]
[Round "1"]
[White "Kasparov,S"]
[Black "Schulz,C"]
[Result "1-0"]
[WhiteElo "2486"]
[BlackElo "1922"]

1.e4 c5 2.Nf3 Nc6 3.Bb5 Qc7 4.O-O e6 5.Re1 a6 6.Bf1 Bd6 7.c3 Nge7 8.d4 cxd4
9.cxd4 Ng6 10.Nc3 b5 11.a3 Bb7 12.Be3 O-O 13.Rc1 Qd8 14.e5 Be7 15.Bd3 d6
16.exd6 Qxd6 17.Ne4 Qd5 18.h4 f5 19.Nc5 Bc8 20.Bc2 Nd8 21.h5 Nh8 22.Bf4 Nhf7
23.Bb3 Qc6 24.Nxe6 Qxe6 25.Bxe6 Nxe6 26.Rxe6 Bxe6 27.Qe1 Bxa3 28.bxa3 Bd5
29.Ne5 Rfe8 30.Qc3 Rad8 31.Nxf7 Bxf7 32.h6 Bd5 33.Be5 g6 34.Qc7 Bf7 35.Rc6  1-0

[Event "Open"]
[Site "Herzliya ISR"]
[Date "2008.09.11"]
[Round "8"]
[White "Gershkowich,D"]
[Black "Golberg,I"]
[Result "1/2-1/2"]
[WhiteElo "2342"]
[BlackElo "2207"]

1.e4 c5 2.Nf3 Nc6 3.Bb5 g6 4.c3 Nf6 5.e5 Nd5 6.O-O Nc7 7.Ba4 Bg7 8.d4 b5
9.Bb3 c4 10.Bc2 d5 11.exd6 Qxd6 12.b3 Be6 13.Nbd2 cxb3 14.axb3 b4 15.Ne4 Qd8
16.Be3 bxc3 17.Nxc3 Nd5 18.Be4 O-O 19.Bxd5 Bxd5 20.Nxd5 Qxd5 21.Rc1 Rfd8
22.Qe2 e6 23.Rc4 Rab8 24.Rfc1 Ne7 25.Qc2 h6 26.Bf4 Rb7 27.Bc7 Re8 28.Qa2 Qb5
29.Nd2 Nf5 30.Qb2 Rxc7 31.Rxc7 Nxd4 32.Kh1 Ne2 33.Qb1 Nxc1 34.Qxc1 Rd8 35.h3 Qe2
36.Rc8 Rxc8 37.Qxc8+ Kh7 38.Nf3 Qxf2 39.Qe8 Qb6 40.Qxf7 Qxb3 41.Qxa7 e5 42.Qe7 Qb1+
43.Kh2 e4 44.Nd2 Qb8+ 45.Kh1 Qe5 46.Qxe5 Bxe5  1/2-1/2

[Event "3rd PGMA Cup"]
[Site "Manila PHI"]
[Date "2008.09.11"]
[Round "7"]
[White "Megaranto,S"]
[Black "Branzuela,A"]
[Result "1-0"]
[WhiteElo "2532"]
[BlackElo "2209"]

1.e4 c5 2.Nf3 Nc6 3.Bb5 g6 4.O-O Bg7 5.c3 Nf6 6.e5 Nd5 7.d4 cxd4 8.cxd4 O-O
9.Nc3 Nxc3 10.bxc3 d6 11.exd6 Qxd6 12.a4 Bg4 13.Ba3 Qc7 14.Re1 Bf6 15.h3 Bxf3
16.Qxf3 Rac8 17.Rab1 Na5 18.Bb4 a6 19.Bd3 Rfd8 20.Bc5 Rd7 21.Be4 Nc6 22.Rb6 Nd8
23.Bf5 gxf5 24.Rxf6 Ne6 25.Rxf5 h6 26.Rxe6 fxe6 27.Qg4+ Kh8 28.Rh5 Kh7 29.Qg5  1-0

[Event "3rd PGMA Cup"]
[Site "Manila PHI"]
[Date "2008.09.11"]
[Round "7"]
[White "Sukandar,I"]
[Black "Simanjuntak,S"]
[Result "1-0"]
[WhiteElo "2262"]
[BlackElo "2256"]

1.e4 c5 2.Nf3 Nc6 3.Bb5 Qb6 4.Nc3 e6 5.O-O Nge7 6.Re1 Nd4 7.Bc4 d6 8.d3 Ng6
9.Nxd4 cxd4 10.Ne2 Be7 11.f4 Bd7 12.a4 O-O-O 13.Kh1 d5 14.exd5 exd5 15.Bxd5 Bg4
16.Bc4 Bh4 17.h3 Bxe1 18.Qxe1 Be6 19.a5 Qc6 20.a6 b6 21.Bxe6+ Qxe6 22.Qf2 Rhe8
23.Ng1 f5 24.Ra4 Ne7 25.Nf3 Nc6 26.Rc4 Kb8 27.b4 b5 28.Rc5 Rd5 29.Bb2 Rxc5
30.bxc5 Qe2 31.Qg3 g6 32.Qh4 Qf1+ 33.Kh2 Re2 34.Qg3 Rxc2 35.Nxd4 Rxb2 36.Nxc6+ Kc7
37.Ne5 Rb4 38.Nf3 Qxd3 39.Qh4 Qe4 40.Qxh7+ Kc6 41.Ne5+ Kxc5 42.Qxa7+ Kd5
43.Qd7+ Kc5 44.Qc7+ Kd5 45.Nd7 Qxf4+ 46.Qxf4 Rxf4 47.a7 Ra4 48.Nb6+  1-0

[Event "I Liga Seniorow"]
[Site "Ustron POL"]
[Date "2008.09.11"]
[Round "6"]
[White "Zeberski,J"]
[Black "Zezulkin,J"]
[Result "1/2-1/2"]
[WhiteElo "2396"]
[BlackElo "2448"]

1.e4 c5 2.Nf3 Nc6 3.Bb5 d6 4.O-O Bd7 5.c3 Nf6 6.Re1 a6 7.Bf1 Bg4 8.d3 e6
9.Nbd2 Be7 10.h3 Bh5 11.g4 Bg6 12.Nh4 Nd7  1/2-1/2

[Event "II ROMGAZ Open"]
[Site "Bucharest ROU"]
[Date "2008.09.12"]
[Round "2"]
[White "Glodeanu,I"]
[Black "Mamedov,Nid"]
[Result "0-1"]
[WhiteElo "2244"]
[BlackElo "2564"]

1.e4 c5 2.Nf3 Nc6 3.Bb5 g6 4.O-O Bg7 5.Re1 e5 6.Bxc6 dxc6 7.d3 Qe7 8.Nc3 Nh6
9.Bd2 f6 10.a3 O-O 11.b4 cxb4 12.axb4 Bg4 13.h3 Bxf3 14.Qxf3 Qxb4 15.Qe3 b6
16.Nd5 Qd6 17.Bb4 c5 18.Bd2 Nf5 19.Qe2 Nd4 20.Qd1 Rf7 21.Ra6 Raf8 22.c4 f5
23.Be3 Nc6 24.f3 Bf6 25.Qa4 Bh4 26.Ra1 f4 27.Bd2 g5 28.Bc3 h5 29.Qd1 g4 30.R6a2 gxh3
31.gxh3 Qe6 32.Qf1 Rg7+ 33.Kh1 Kh7  0-1

[Event "4th ch-EU"]
[Site "Liverpool ENG"]
[Date "2008.09.12"]
[Round "4"]
[White "Meier,Geo"]
[Black "Arakhamia,K"]
[Result "1-0"]
[WhiteElo "2556"]
[BlackElo "2448"]

1.e4 c5 2.Nf3 Nc6 3.Bb5 e6 4.O-O Nge7 5.Re1 a6 6.Bxc6 Nxc6 7.d4 cxd4 8.Nxd4 b5
9.a4 b4 10.Nxc6 dxc6 11.Qxd8+ Kxd8 12.Rd1+ Ke8 13.Nd2 Bc5 14.Nb3 Be7 15.Bf4 f6
16.Bd6 e5 17.Rd2 a5 18.Rad1 Ra7 19.Bc5 Ra6 20.Bxe7 Kxe7 21.Rd6 Re8 22.f3 Kf7
23.Nc5 Rb6 24.Nb3 Ra6 25.Nc5 Rb6 26.Kf2 Be6 27.Ke3 g5 28.g3 h5 29.h4 gxh4
30.gxh4 Bh3 31.R1d2 Re7 32.Rh2 Be6 33.Rg2 Bh3 34.Rg3 Bc8 35.Rd8 f5 36.Rgg8  1-0

[Event "3rd PGMA Cup"]
[Site "Manila PHI"]
[Date "2008.09.12"]
[Round "9"]
[White "Bagamasbad,E"]
[Black "Simanjuntak,S"]
[Result "0-1"]
[WhiteElo "2295"]
[BlackElo "2256"]

1.e4 c5 2.Nf3 Nc6 3.Bb5 Qb6 4.Nc3 e6 5.O-O Nge7 6.b3 Nd4 7.Be2 Ng6 8.d3 Be7
9.Nxd4 cxd4 10.Na4 Qc7 11.f4 d6 12.Bd2 e5 13.f5 Nf8 14.c4 Nd7 15.Qe1 b6 16.Rf3 h6
17.Qg3 Bf6 18.h4 Qd8 19.h5 Bg5 20.Bxg5 hxg5 21.Rff1 Bb7 22.Kf2 Nf6 23.Qh3 Rc8
24.g4 b5 25.cxb5 Rc2 26.Rfc1 Qc7 27.Rxc2 Qxc2 28.Kf1 d5 29.Qg3 O-O 30.Qxe5 dxe4
31.Qxd4 Qc7 32.Nc5 Rd8 33.Qe3 exd3 34.Nxd3 Qh2 35.Rd1 Re8 36.Qf2 Qh1+ 37.Qg1 Qxg1+
38.Kxg1 Rxe2 39.Nc5 Bf3 40.Rd8+ Kh7 41.a4 Nxg4 42.Nd3 Rg2+ 43.Kf1 Ne3+  0-1

[Event "7th Georgiev - Kesarovski Mem"]
[Site "Sunny Beach BUL"]
[Date "2008.09.12"]
[Round "7"]
[White "Manolov,I"]
[Black "Vasovski,N"]
[Result "1/2-1/2"]
[WhiteElo "2246"]
[BlackElo "2325"]

1.e4 c5 2.Nf3 Nc6 3.Bb5 Nf6 4.Bxc6 dxc6 5.d3 g6 6.h3 Bg7 7.O-O O-O 8.Nbd2 h6
9.Re1 Qc7 10.a4 e5 11.Nc4 Nh5 12.Be3 b6 13.a5 Be6 14.Nfd2 Nf4 15.Nf3 b5 16.Ncd2 Qe7
17.Kh2 g5 18.Ng1 Rfd8 19.g3 c4 20.dxc4 Bxc4 21.Qb1 Be6 22.b4 Qd7 23.Nb3 Bxb3
24.Qxb3 Ne6 25.c3 c5 26.bxc5 Qc6 27.Rab1 a6 28.c4 Nxc5 29.cxb5 axb5 30.Qxb5 Qxb5
31.Rxb5 Nxe4 32.Bb6 Nc3 33.Rb3 Rdc8 34.Ne2 Na4 35.g4 Rc2 36.Kg2 e4 37.Ng3 Nc5
38.Bxc5 Rxc5  1/2-1/2

[Event "1st Women It"]
[Site "Tashkent UZB"]
[Date "2008.09.12"]
[Round "8"]
[White "Muminova,N"]
[Black "Zozulia,A"]
[Result "1-0"]
[WhiteElo "2242"]
[BlackElo "2346"]

1.e4 c5 2.Nf3 Nc6 3.Bb5 d6 4.O-O Bd7 5.Re1 Nf6 6.h3 e6 7.b3 Be7 8.Bb2 O-O
9.a4 a6 10.Bf1 d5 11.exd5 Nxd5 12.Na3 Bf6 13.Bxf6 Qxf6 14.Nc4 Rad8 15.Qe2 Bc8
16.Qe4 Qf4 17.Qxf4 Nxf4 18.Nb6 Nd5 19.Nxc8 Rxc8 20.c3 Rfd8 21.g3 h6 22.Kg2 Kf8
23.a5 Rd6 24.Bc4 Rcd8 25.Re2 Ke7 26.Ra2 g5 27.Ra1 Rg8 28.Ne1 Nf6 29.Nd3 Nd7
30.Kf1 Rd8 31.Kg2 Kf6 32.f4 gxf4 33.gxf4 Rg8+ 34.Kf3 h5 35.Nf2 h4 36.Ne4+ Ke7
37.Rg2 Rxg2 38.Kxg2 Nf6 39.Nxd6 Kxd6 40.Kf3 Ke7 41.Ra4 Kd6 42.Bf1 Ne7 43.b4 cxb4
44.cxb4 Nf5 45.b5 axb5 46.Bxb5 e5 47.Bd3 Nd4+ 48.Kf2 Nd7 49.fxe5+ Kxe5 50.Ke3 Nc6
51.Rxh4 f5 52.Bb5 Ndb8 53.Bxc6 Nxc6 54.Rc4 Ne7 55.Rc5+ Kf6 56.Rb5  1-0

[Event "II ROMGAZ Open"]
[Site "Bucharest ROU"]
[Date "2008.09.13"]
[Round "3"]
[White "Filippov,An UZB"]
[Black "Valeanu,E"]
[Result "1-0"]
[WhiteElo "2531"]
[BlackElo "2440"]

1.e4 c5 2.Nf3 Nc6 3.Bb5 d6 4.O-O Bd7 5.Re1 Nf6 6.h3 Ne5 7.a4 e6 8.Nxe5 dxe5
9.d3 a6 10.Bxd7+ Nxd7 11.a5 Be7 12.Nd2 Bg5 13.Nc4 O-O 14.Bd2 Bxd2 15.Qxd2 Qc7
16.Rab1 Rac8 17.Qc3 f6 18.b4 cxb4 19.Qxb4 Nc5 20.Nb6 Rcd8 21.Qc3 Rd4 22.Rb4 Rfd8
23.Reb1 Qc6 24.f4 Qd6 25.fxe5 Qxe5 26.Rxd4 Rxd4 27.Qa1 Qd6 28.Kh1 e5 29.Qc3 h6
30.Nd5 Qf8 31.Ne3 Kh7 32.Nd5 f5 33.Rf1 g6 34.exf5 gxf5 35.Ne3 f4 36.Nc4 Qg7
37.Nd2 Rd5 38.Qc4 Qd7 39.Nf3 Qd6 40.Rb1 Kg7 41.Rb6 Qd7 42.Nh4 f3 43.Nxf3 Na4
44.Rb4 Rxa5 45.Qh4 e4 46.Rxe4 Qc6 47.Qe7+ Kg8 48.Qd8+  1-0

[Event "3rd XtraCon EMT"]
[Site "Borup DEN"]
[Date "2008.09.14"]
[Round "9"]
[White "Kulaots,K"]
[Black "Lund,E"]
[Result "1-0"]
[WhiteElo "2531"]
[BlackElo "2431"]

1.e4 c5 2.Nf3 Nc6 3.Bb5 g6 4.Bxc6 dxc6 5.d3 Bg7 6.h3 b6 7.O-O Nf6 8.Nc3 Nd7
9.Be3 Nf8 10.Qd2 Ne6 11.Bh6 O-O 12.Bxg7 Kxg7 13.Ne2 f6 14.Qe3 Qd7 15.c3 Ba6
16.Rad1 Rad8 17.Rfe1 Nc7 18.d4 e5 19.Rd2 exd4 20.cxd4 Qe7 21.dxc5 Rxd2 22.Nxd2 Qxc5
23.Qxc5 bxc5 24.Nc3 Ne6 25.Rd1 Rd8 26.Nb3 Rxd1+ 27.Nxd1 f5 28.exf5 gxf5 29.g3 Bc4
30.Nc1 f4 31.gxf4 Nxf4 32.Kh2 Kf6 33.Kg3 Ke5 34.h4 Ne2+ 35.Nxe2 Bxe2 36.Nc3 Bc4
37.f4+ Kd4 38.Kg4 Kd3 39.f5 Kc2 40.Na4 Bxa2 41.f6 Bg8 42.Nxc5 Kxb2 43.Kg5 a5
44.Kh6 Kc3 45.Kg7 Bc4 46.h5 Kd4 47.Na4 Ke5 48.h6 c5 49.Nxc5 Kd6 50.Nb7+  1-0

[Event "DMP Ekstraliga"]
[Site "Karpacz POL"]
[Date "2008.09.14"]
[Round "9"]
[White "Jaracz,P"]
[Black "Stoma,P"]
[Result "1-0"]
[WhiteElo "2501"]
[BlackElo "2294"]

1.e4 c5 2.Nf3 Nc6 3.Bb5 e6 4.Bxc6 bxc6 5.d3 Qc7 6.O-O e5 7.c3 d6 8.d4 cxd4
9.cxd4 Nf6 10.dxe5 dxe5 11.Qa4 Rb8 12.Nbd2 Rb4 13.Qc2 Ba6 14.Rd1 Nd7 15.b3 Rb8
16.Nc4 Be7 17.Ne3 O-O 18.Nd5 Qd6 19.Qxc6 Nb6 20.Qxd6 Bxd6 21.Nxb6 Rxb6 22.Be3 Rc6
23.Rxd6 Rxd6 24.Bc5 Rc6 25.Bxf8 Kxf8 26.Nxe5 Rc2 27.f3 Ke7 28.Ng4 Re2 29.a4 Bd3
30.Ne5 Bc2 31.b4 Rd2 32.b5  1-0

[Event "4th ch-EU"]
[Site "Liverpool ENG"]
[Date "2008.09.14"]
[Round "6"]
[White "Hillarp Persson,T"]
[Black "Tiviakov,S"]
[Result "0-1"]
[WhiteElo "2526"]
[BlackElo "2645"]

1.e4 c5 2.Nf3 Nc6 3.Bb5 d6 4.Bxc6+ bxc6 5.O-O Bg4 6.h3 Bh5 7.Re1 e6 8.d3 Nf6
9.Nbd2 Nd7 10.Nf1 Be7 11.g4 Bg6 12.Ng3 f6 13.Nh4 Bf7 14.f4 e5 15.Nhf5 Bf8
16.fxe5 fxe5 17.Qf3 g6 18.Nh6 Be6 19.Rf1 Qe7 20.Kg2 Bg7 21.Be3 Rb8 22.b3 Rf8
23.Qd1 Rf4 24.Rxf4 exf4 25.Bxf4 Qf6  0-1

[Event "IV Geller Memorial"]
[Site "Odessa UKR"]
[Date "2008.09.14"]
[Round "6"]
[White "Miljutin,O"]
[Black "Stets,V"]
[Result "0-1"]
[WhiteElo "2167"]
[BlackElo "2265"]

1.e4 c5 2.Nf3 Nc6 3.Bb5 d6 4.O-O Bd7 5.Re1 Nf6 6.h3 a6 7.Bf1 g6 8.c3 Bg7
9.d4 cxd4 10.cxd4 O-O 11.d5 Ne5 12.Nd4 Rc8 13.Nc3 Qb6 14.Nb3 Nc4 15.Bxc4 Rxc4
16.Be3 Qd8 17.Nd2 Rc8 18.a4 e5 19.a5 Nh5 20.Na4 Bb5 21.Nb6 Rc7 22.b3 Rc3
23.Rc1 Rxc1 24.Qxc1 f5 25.exf5 gxf5 26.f3 Bd3 27.Nf1 e4 28.f4 Qh4 29.Kh2 Nf6
30.g3 Qh5 31.Kg2 Be2 32.Rxe2 Qxe2+ 33.Kg1 Nh5 34.Qc4 Nxg3 35.Qxe2 Nxe2+ 36.Kf2 Nd4
37.Nd2 Kf7  0-1